Personnal Management (Record no. 3830)

MARC details
000 -LEADER
fixed length control field 00372nam a22001577a 4500
005 - DATE AND TIME OF LATEST TRANSACTION
control field 20180801142729.0
008 - FIXED-LENGTH DATA ELEMENTS--GENERAL INFORMATION
fixed length control field 160624b xxu||||| |||| 00| 0 eng d
041 ## - LANGUAGE CODE
Language code of text/sound track or separate title eng
082 ## - DEWEY DECIMAL CLASSIFICATION NUMBER
Item number 9793
Classification number 658.3
100 ## - MAIN ENTRY--AUTHOR NAME
Personal name Mamoria, C.B and Gankar, S.V.
245 ## - TITLE STATEMENT
Title Personnal Management
260 ## - PUBLICATION, DISTRIBUTION, ETC. (IMPRINT)
Name of publisher HPH
Place of publication delhi
300 ## - PHYSICAL DESCRIPTION
Number of Pages 908p,
650 ## - SUBJECT ADDED ENTRY--TOPICAL TERM
Topical Term Management
942 ## - ADDED ENTRY ELEMENTS (KOHA)
Koha item type Books
Holdings
Lost status Damaged status Collection code Home library Current library Shelving location Date acquired Cost, normal purchase price Full call number Accession Number Koha item type
    MANAGEMENT JRU Library JRU Library SHELF-62 -B 24/06/2016 250.00 658.3 9793 Books
    Reference JRU Library   SHELF-30-F 24/06/2016 250.00 658.3 9794 Books